[Event "BL 1617 (Women)"]
[Site "Germany"]
[Date "2017.05.01"]
[Round "11.6"]
[White "Muetsch, Annmarie"]
[Black "Roos, Karin"]
[Result "1-0"]
[WhiteElo "2140"]
[BlackElo "1849"]
[PlyCount "69"]
[EventDate "2016.10.22"]
[EventType "team-tourn"]
[EventRounds "11"]
[EventCountry "GER"]
[SourceTitle "EXT 2018"]
[Source "ChessBase"]
[SourceDate "2017.10.13"]
[SourceVersion "1"]
[SourceVersionDate "2017.10.13"]
[SourceQuality "1"]
[WhiteTeam "Schwaebisch Hall (W)"]
[BlackTeam "Bayern Muenchen (W)"]
[WhiteTeamCountry "GER"]
[BlackTeamCountry "GER"]

1. e4 g6 2. d4 Bg7 3. Nc3 c6 4. f4 d5 5. e5 h5 6. Bd3 Nh6 7. Nf3 Nf5 8. 0-0 b6 9. Ne2 0-0 10. Bxf5 Bxf5 11. Ng3 e6 12. Nxf5 exf5 13. Re1 Re8 14. h3 Nd7 15. Nh2 Nf8 16. Be3 Ne6 17. c3 Rc8 18. Qf3 Qh4 19. Re2 Bh6 20. g4 Kh7 21. g5 Bf8 22. Rf1 c5 23. Qg2 cxd4 24. cxd4 Rc4 25. Nf3 Nxf4 26. Nxh4 Nxg2 27. Nxg2 Rec8 28. Nf4 Rc2 29. Rff2 R2c4 30. Nxd5 b5 31. Nf6+ Kg7 32. d5 Bb4 33. d6 a6 34. d7 Rd8 35. Bb6 1-0

[Event "AUT-chT (Women) 1617"]
[Site "Austria"]
[Date "2017.04.21"]
[Round "6.3"]
[White "Krassnitzer, Maria"]
[Black "Roos, Karin"]
[Result "1-0"]
[WhiteElo "1611"]
[BlackElo "1836"]
[PlyCount "47"]
[EventDate "2017.01.14"]
[EventType "team-tourn"]
[EventRounds "11"]
[EventCountry "AUT"]
[SourceTitle "EXT 2018"]
[Source "ChessBase"]
[SourceDate "2017.10.13"]
[SourceVersion "1"]
[SourceVersionDate "2017.10.13"]
[SourceQuality "1"]
[WhiteTeam "St Veit/Glan (W)"]
[BlackTeam "Schach ohne Grenzen (W)"]
[WhiteTeamCountry "AUT"]
[BlackTeamCountry "AUT"]

1. Nf3 Nf6 2. d4 d6 3. e3 g6 4. Be2 Bg7 5. 0-0 0-0 6. c4 Nbd7 7. Nc3 c6 8. Rb1 Re8 9. b4 e5 10. a4 exd4 11. exd4 Nf8 12. d5 Bf5 13. Rb3 Qd7 14. Bf4 cxd5 15. cxd5 Ne4 16. Nxe4 Rxe4 17. Bb5 Qe7 18. Qd2 Qf6 19. Bg5 Bh6 20. Bxf6 Bxd2 21. Nxd2 Nd7 22. Nxe4 Bxe4 23. Bxd7 Bxd5 24. Re3 1-0

[Event "GER-ch (Women)"]
[Site "Bad Wiessee"]
[Date "2017.04.05"]
[Round "6"]
[White "Just, Anita"]
[Black "Roos, Karin"]
[Result "1-0"]
[WhiteElo "1971"]
[BlackElo "1836"]
[PlyCount "53"]
[EventDate "2017.03.31"]
[EventType "swiss"]
[EventRounds "9"]
[EventCountry "GER"]
[SourceTitle "CBM 177 Extra"]
[Source "ChessBase"]
[SourceDate "2017.04.27"]
[SourceVersion "1"]
[SourceVersionDate "2017.04.27"]
[SourceQuality "1"]

1. e4 g6 2. d4 Bg7 3. Nc3 d6 4. f4 Nf6 5. Nf3 0-0 6. Bd3 Nc6 7. h3 e5 8. d5 Nb4 9. fxe5 Nxd3+ 10. cxd3 dxe5 11. Bg5 Qe8 12. Qd2 c6 13. dxc6 bxc6 14. 0-0 Ba6 15. Nh2 Qe6 16. Rf3 Nd7 17. Raf1 Rab8 18. Qf2 Nc5 19. Qxc5 Rb7 20. Ng4 Kh8 21. Bf6 Re8 22. Bxg7+ Kxg7 23. Rf6 Qe7 24. Rxf7+ Qxf7 25. Rxf7+ Kxf7 26. Qxc6 Rb6 27. Qd5+ 1-0

[Event "GER-ch (Women)"]
[Site "Bad Wiessee"]
[Date "2017.04.04"]
[Round "5"]
[White "Roos, Karin"]
[Black "Henrichs, Wenke"]
[Result "0-1"]
[WhiteElo "1836"]
[BlackElo "1973"]
[PlyCount "54"]
[EventDate "2017.03.31"]
[EventType "swiss"]
[EventRounds "9"]
[EventCountry "GER"]
[SourceTitle "CBM 177 Extra"]
[Source "ChessBase"]
[SourceDate "2017.04.27"]
[SourceVersion "1"]
[SourceVersionDate "2017.04.27"]
[SourceQuality "1"]

1. e4 e6 2. d4 d5 3. exd5 exd5 4. Qf3 Be6 5. Bd3 Nc6 6. c3 Qd7 7. h3 Bd6 8. Ne2 Nge7 9. g4 0-0-0 10. Be3 Ng6 11. Nf4 Nh4 12. Qg3 g5 13. Nd2 gxf4 14. Bxf4 Bxf4 15. Qxh4 Ne7 16. 0-0-0 Ng6 17. Qf6 Bd6 18. Rde1 Nf4 19. Bc2 h5 20. Nf3 hxg4 21. hxg4 Rxh1 22. Rxh1 Bxg4 23. Rh7 Qe6 24. Qxe6+ fxe6 25. Ng5 Rf8 26. f3 Bf5 27. Ba4 Nd3+ 0-1

[Event "GER-ch (Women)"]
[Site "Bad Wiessee"]
[Date "2017.04.02"]
[Round "3"]
[White "Grund, Melanie"]
[Black "Roos, Karin"]
[Result "1-0"]
[WhiteElo "1804"]
[BlackElo "1836"]
[PlyCount "79"]
[EventDate "2017.03.31"]
[EventType "swiss"]
[EventRounds "9"]
[EventCountry "GER"]
[SourceTitle "CBM 177 Extra"]
[Source "ChessBase"]
[SourceDate "2017.04.27"]
[SourceVersion "1"]
[SourceVersionDate "2017.04.27"]
[SourceQuality "1"]

1. d4 Nf6 2. e3 g6 3. c4 Bg7 4. Nc3 d6 5. Nf3 0-0 6. Be2 c6 7. 0-0 Nbd7 8. b3 Re8 9. Bb2 Qc7 10. Qd2 e5 11. d5 Nc5 12. dxc6 bxc6 13. Rfd1 Nfe4 14. Nxe4 Nxe4 15. Qe1 Be6 16. Nd2 Nc5 17. e4 Rab8 18. Rac1 f5 19. exf5 Bxf5 20. f3 Bd3 21. Qf1 Qb6 22. Kh1 Bf5 23. Qg1 Bh6 24. Ba3 Nb7 25. g4 Be6 26. Qxb6 axb6 27. Rc2 Ra8 28. Bb4 d5 29. cxd5 Bxd5 30. Bc4 Bxc4 31. Nxc4 b5 32. Nb6 Rad8 33. Re1 Bf4 34. Rxc6 Bd2 35. Bxd2 Rxd2 36. Rc7 Nd6 37. Nd7 Kg7 38. Nc5+ Kh6 39. h4 Rf2 40. g5+ 1-0

[Event "GER-ch (Women)"]
[Site "Bad Wiessee"]
[Date "2017.04.01"]
[Round "2"]
[White "Roos, Karin"]
[Black "Mao, Yvonne"]
[Result "0-1"]
[WhiteElo "1836"]
[BlackElo "1762"]
[PlyCount "103"]
[EventDate "2017.03.31"]
[EventType "swiss"]
[EventRounds "9"]
[EventCountry "GER"]
[SourceTitle "CBM 177 Extra"]
[Source "ChessBase"]
[SourceDate "2017.04.27"]
[SourceVersion "1"]
[SourceVersionDate "2017.04.27"]
[SourceQuality "1"]

1. e4 c5 2. Nf3 e6 3. c3 Nf6 4. e5 Nd5 5. d4 cxd4 6. cxd4 d6 7. Qa4+ Bd7 8. Bb5 Bxb5 9. Qxb5+ Qd7 10. Qb3 Nc6 11. 0-0 Rc8 12. Nc3 Nxc3 13. bxc3 dxe5 14. dxe5 g6 15. Bg5 Bg7 16. Rad1 Qc7 17. Bf6 0-0 18. Bxg7 Kxg7 19. Rfe1 Rfd8 20. Rb1 Na5 21. Qb4 Qxc3 22. Qf4 Qc7 23. Qf6+ Kg8 24. h4 Rd5 25. h5 Qd8 26. Qf4 Rc4 27. Qg3 f5 28. hxg6 Rg4 29. gxh7+ Kxh7 30. Qh3+ Kg6 31. Rb2 Rd7 32. Nh2 Rd3 33. f3 Rh4 34. Qg3+ Qg5 35. Qxg5+ Kxg5 36. Rb5 b6 37. Rb2 Rhd4 38. Ree2 Nc4 39. Nf1 Nxb2 40. Rxb2 Rd1 41. Kf2 Rd5 42. Re2 Ra1 43. Nd2 Rd1 44. Nc4 R5d4 45. Nd6 R1d2 46. g3 Rxe2+ 47. Kxe2 Ra4 48. Nf7+ Kg6 49. Nd8 Rxa2+ 50. Ke3 Ra3+ 51. Ke2 f4 52. g4 0-1

[Event "BL 1617 (Women)"]
[Site "Germany"]
[Date "2016.10.23"]
[Round "2.3"]
[White "Roos, Karin"]
[Black "Haussernot, Cecile"]
[Result "0-1"]
[WhiteElo "1849"]
[BlackElo "2098"]
[PlyCount "127"]
[EventDate "2016.10.22"]
[EventType "team-tourn"]
[EventRounds "11"]
[EventCountry "GER"]
[SourceTitle "EXT 2018"]
[Source "ChessBase"]
[SourceDate "2017.10.13"]
[SourceVersion "1"]
[SourceVersionDate "2017.10.13"]
[SourceQuality "1"]
[WhiteTeam "Bayern Muenchen (W)"]
[BlackTeam "Baden-Baden (W)"]
[WhiteTeamCountry "GER"]
[BlackTeamCountry "GER"]

1. e4 c5 2. Nf3 d6 3. c3 Nf6 4. Bb5+ Nbd7 5. d3 a6 6. Ba4 e6 7. 0-0 Be7 8. Nbd2 0-0 9. Bc2 e5 10. Nc4 b5 11. Ne3 Re8 12. Nd5 Nxd5 13. exd5 f5 14. b3 Bf6 15. Qd2 Nb6 16. d4 cxd4 17. cxd4 e4 18. Ne1 Nxd5 19. b4 e3 20. fxe3 Nxe3 21. Bb3+ d5 22. Rf3 Ng4 23. Nc2 Re4 24. h3 Nh6 25. Bb2 Bb7 26. Ne3 Bg5 27. Qd3 Bxe3+ 28. Rxe3 Kh8 29. Rf1 Qd6 30. Bc3 Rae8 31. Bd2 Qb6 32. Bc2 Rc8 33. Bc3 Qc7 34. Rff3 Ng8 35. Qd2 f4 36. Re2 Rxe2 37. Qxe2 Nf6 38. Bf5 Re8 39. Qf1 Nh5 40. Bd2 Qc4 41. Qa1 Qe2 42. Bxf4 Nxf4 43. Rxf4 Qe3+ 44. Rf2 Rf8 45. Qb1 Qxd4 46. Qd3 Qe5 47. Bg4 Qe1+ 48. Rf1 Qxb4 49. Bf3 Qc5+ 50. Kh1 Qc4 51. Qb1 d4 52. Rc1 Qf7 53. Bxb7 Qxb7 54. Qd3 Qd5 55. a3 h6 56. Kg1 Re8 57. Qg6 Qe5 58. Rd1 Re6 59. Qf7 Kh7 60. Kh1 Rf6 61. Qb3 Rf8 62. Qb4 Rf2 63. Qb1+ Kh8 64. Re1 0-1

[Event "Bayern-ch (Women)"]
[Site "Bad Griesbach"]
[Date "2016.08.24"]
[Round "5"]
[White "Antczak, Lena"]
[Black "Roos, Karin"]
[Result "1/2-1/2"]
[WhiteElo "1630"]
[BlackElo "1811"]
[PlyCount "54"]
[EventDate "2016.08.21"]
[EventType "swiss"]
[EventRounds "9"]
[EventCountry "GER"]
[SourceTitle "EXT 2022"]
[Source "ChessBase"]
[SourceDate "2021.10.06"]
[SourceVersion "1"]
[SourceVersionDate "2021.10.06"]
[SourceQuality "1"]

1. e4 d6 2. f4 Nf6 3. Nc3 g6 4. Nf3 Bg7 5. g3 c5 6. Bg2 Nc6 7. d3 Bg4 8. h3 Bxf3 9. Qxf3 Nd4 10. Qf2 Rb8 11. 0-0 0-0 12. g4 b5 13. f5 b4 14. Nd1 e5 15. g5 Nh5 16. f6 Bh8 17. Ne3 h6 18. h4 Nf4 19. Ng4 Nde2+ 20. Kh1 h5 21. Bxf4 Nxf4 22. Ne3 Qd7 23. Nd5 Nxd5 24. exd5 Qg4 25. Bf3 Qd4 26. Qxd4 cxd4 27. a3 b3 1/2-1/2

[Event "AUT-chT (Women) 1516"]
[Site "Austria"]
[Date "2016.02.26"]
[Round "4.3"]
[White "Roos, Karin"]
[Black "Hackbarth, Christa"]
[Result "1-0"]
[WhiteElo "1811"]
[BlackElo "1845"]
[PlyCount "51"]
[EventDate "2015.11.06"]
[EventType "team-swiss"]
[EventRounds "7"]
[EventCountry "AUT"]
[SourceTitle "EXT 2017"]
[Source "ChessBase"]
[SourceDate "2016.10.25"]
[SourceVersion "1"]
[SourceVersionDate "2016.10.25"]
[SourceQuality "1"]
[WhiteTeam "Schach ohne Grenzen (W)"]
[BlackTeam "Steyr (W)"]
[WhiteTeamCountry "AUT"]
[BlackTeamCountry "AUT"]

1. e4 c6 2. d4 d5 3. exd5 cxd5 4. Nf3 Nc6 5. Bb5 Bd7 6. 0-0 Nf6 7. c3 e6 8. Bg5 Qb6 9. Qe2 Be7 10. Ba4 Nb8 11. Bb3 Bb5 12. c4 dxc4 13. Bxc4 Bc6 14. Nc3 Qd8 15. Rad1 0-0 16. Rfe1 Re8 17. d5 Nxd5 18. Bxd5 Bxd5 19. Bxe7 Qa5 20. Ba3 Bc6 21. Ne5 Qb6 22. Rd6 Na6 23. Nxc6 bxc6 24. Qf3 Rac8 25. Rd7 Rc7 26. Qxf7+ 1-0

[Event "BL2 Sued 1516 (Women)"]
[Site "Germany"]
[Date "2015.09.27"]
[Round "2.6"]
[White "Roos, Karin"]
[Black "Leinenbach, Janine"]
[Result "1/2-1/2"]
[WhiteElo "1791"]
[BlackElo "1767"]
[PlyCount "56"]
[EventDate "2015.09.26"]
[EventType "team-tourn"]
[EventRounds "7"]
[EventCountry "GER"]
[SourceTitle "EXT 2017"]
[Source "ChessBase"]
[SourceDate "2016.10.25"]
[SourceVersion "1"]
[SourceVersionDate "2016.10.25"]
[SourceQuality "1"]
[WhiteTeam "Muenchen Bayern (W)"]
[BlackTeam "Wadgassen/Differten (W)"]
[WhiteTeamCountry "GER"]
[BlackTeamCountry "GER"]

1. e4 e5 2. Nf3 Nc6 3. c3 Nf6 4. d3 Be7 5. Be2 0-0 6. 0-0 d5 7. exd5 Nxd5 8. Re1 Re8 9. h3 Bf5 10. Bf1 Bf6 11. Na3 a6 12. Nc4 Bg6 13. Ncd2 h6 14. Ne4 Be7 15. d4 exd4 16. Nxd4 Nxd4 17. Qxd4 Nf6 18. Nxf6+ Bxf6 19. Qxd8 Raxd8 20. Rxe8+ Rxe8 21. Bf4 c6 22. Rd1 Bf5 23. Be3 Rd8 24. Be2 Rxd1+ 25. Bxd1 Be6 26. a3 Kf8 27. Kf1 Ke7 28. Ke2 Bd5 1/2-1/2

[Event "BL2 Sued 1213 (Women)"]
[Site "Germany"]
[Date "2012.12.01"]
[Round "3.6"]
[White "Neumann, Tanja"]
[Black "Roos, Karin"]
[Result "1-0"]
[WhiteElo "1482"]
[BlackElo "1781"]
[PlyCount "119"]
[EventDate "2012.10.06"]
[EventType "team-tourn"]
[EventRounds "7"]
[EventCountry "GER"]
[SourceTitle "EXT 2018"]
[Source "ChessBase"]
[SourceDate "2017.10.13"]
[SourceVersion "1"]
[SourceVersionDate "2017.10.13"]
[SourceQuality "1"]
[WhiteTeam "Wadgassen/Differten (W)"]
[BlackTeam "Bayern Muenchen (W)"]
[WhiteTeamCountry "GER"]
[BlackTeamCountry "GER"]

1. e4 g6 2. d4 Bg7 3. Nf3 d6 4. Nc3 Nf6 5. Bg5 Bg4 6. Be2 0-0 7. 0-0 Nc6 8. h3 Bxf3 9. Bxf3 e5 10. d5 Ne7 11. Qd2 Nd7 12. Bh6 f5 13. Bxg7 Kxg7 14. exf5 gxf5 15. g3 Ng6 16. Bg2 a6 17. Ne2 h6 18. h4 Qf6 19. c4 Rae8 20. Rae1 f4 21. Nc3 Nxh4 22. Ne4 Qg6 23. gxh4 f3 24. Ng3 fxg2 25. Kxg2 Rf4 26. h5 Qf7 27. Qd3 Nc5 28. Qc2 Rf8 29. b4 Nd7 30. Re4 Rxe4 31. Qxe4 Nf6 32. Nf5+ Kh8 33. Qe3 Rg8+ 34. Ng3 Rg5 35. Rh1 Kg7 36. Kf1 Ng4 37. Qe2 Qf4 38. Ne4 Rf5 39. Rg1 Qc1+ 40. Qe1 Qxc4+ 41. Qe2 Qc1+ 42. Qe1 Qxe1+ 43. Kxe1 Rf4 44. f3 Kf7 45. Rxg4 Rxf3 46. Ke2 Rh3 47. Rg2 Rxh5 48. Rf2+ Ke7 49. Rg2 Kf7 50. Ng3 Rh4 51. a3 Rd4 52. Rf2+ Kg6 53. Nf5 Rg4 54. Ne7+ Kg5 55. Rf5+ Kh4 56. Rf2 Kh3 57. Nf5 h5 58. Rf3+ Kh2 59. Ne3 Rg3 60. Nf1+ 1-0

[Event "Bayern-ch (Women) 83th"]
[Site "Bayerisch Eisenstein"]
[Date "2012.08.24"]
[Round "7"]
[White "Roos, Karin"]
[Black "Homfeldt, Maren"]
[Result "1-0"]
[WhiteElo "1694"]
[BlackElo "848"]
[PlyCount "99"]
[EventDate "2012.08.18"]
[EventType "swiss"]
[EventRounds "9"]
[EventCountry "GER"]
[SourceTitle "EXT 2013"]
[Source "ChessBase"]
[SourceDate "2012.11.22"]
[SourceVersion "1"]
[SourceVersionDate "2012.11.22"]
[SourceQuality "1"]

1. e4 b6 2. d4 Bb7 3. Bd3 g6 4. Nf3 h6 5. 0-0 Bg7 6. Nc3 a6 7. Bf4 d6 8. Qe2 Nd7 9. Rad1 e6 10. Rfe1 Ne7 11. h3 0-0 12. Qe3 Kh7 13. e5 d5 14. Ne2 Nf5 15. Bxf5 exf5 16. c3 Re8 17. Bh2 Bc6 18. Nf4 Ba4 19. b3 Bc6 20. Qd3 Nf8 21. Re3 Ne6 22. Rde1 Nxf4 23. Bxf4 Re6 24. Bg3 Bb5 25. c4 dxc4 26. bxc4 Bc6 27. d5 Bxd5 28. cxd5 Re7 29. Qc4 g5 30. R3e2 f4 31. Bh2 b5 32. Qc6 Rd7 33. Rd2 f6 34. e6 Rd6 35. Qc2+ Kg8 36. e7 Qe8 37. Qxc7 Qd7 38. Qxd7 Rxd7 39. e8Q+ Rxe8 40. Rxe8+ Kf7 41. Rde2 Bf8 42. g3 Bd6 43. gxf4 Bxf4 44. Bxf4 gxf4 45. R2e4 Kg6 46. d6 Kf5 47. R8e7 Rxe7 48. dxe7 Kxe4 49. e8Q+ Kxf3 50. Qa8+ 1-0

[Event "Bayern-ch (Women) 83th"]
[Site "Bayerisch Eisenstein"]
[Date "2012.08.18"]
[Round "1"]
[White "Roos, Karin"]
[Black "Nietzer, Ingrid"]
[Result "1-0"]
[WhiteElo "1694"]
[BlackElo "1334"]
[PlyCount "57"]
[EventDate "2012.08.18"]
[EventType "swiss"]
[EventRounds "9"]
[EventCountry "GER"]
[SourceTitle "EXT 2013"]
[Source "ChessBase"]
[SourceDate "2012.11.22"]
[SourceVersion "1"]
[SourceVersionDate "2012.11.22"]
[SourceQuality "1"]

1. e4 e5 2. Nf3 Nc6 3. d4 exd4 4. Nxd4 Qh4 5. Qd3 Nf6 6. Nd2 Bc5 7. g3 Ne5 8. Qe2 Qg4 9. f3 Qg6 10. N2b3 Bb6 11. Bf4 d6 12. Bxe5 dxe5 13. Qb5+ Nd7 14. Nf5 Qf6 15. 0-0-0 g6 16. Nh4 Be3+ 17. Kb1 c6 18. Qd3 Qg5 19. Bh3 Nc5 20. Nxc5 Bxc5 21. Bxc8 0-0 22. Bxb7 Rad8 23. Qc4 Qe3 24. Bxc6 Rb8 25. Rhe1 Rfd8 26. Bd5 Rxb2+ 27. Kxb2 Rb8+ 28. Ka1 Bd4+ 29. Qxd4 1-0

[Event "Bayern-ch (Women) 82nd"]
[Site "Regensburg"]
[Date "2011.08.23"]
[Round "4"]
[White "Roos, Karin"]
[Black "Lorenz, Oda"]
[Result "0-1"]
[WhiteElo "1631"]
[BlackElo "1715"]
[PlyCount "54"]
[EventDate "2011.08.20"]
[EventType "swiss"]
[EventRounds "9"]
[EventCountry "GER"]
[SourceTitle "EXT 2015"]
[Source "ChessBase"]
[SourceDate "2014.11.20"]
[SourceVersion "1"]
[SourceVersionDate "2014.11.20"]
[SourceQuality "1"]

1. e4 e5 2. Nf3 Nc6 3. d4 exd4 4. Nxd4 Nf6 5. Nxc6 bxc6 6. Nc3 Bb4 7. Bd3 h6 8. Bd2 0-0 9. 0-0 d6 10. a3 Bc5 11. b4 Bd4 12. Rb1 a5 13. Ne2 Bb6 14. c4 axb4 15. axb4 Bg4 16. Kh1 Ra3 17. Bc1 Ra2 18. Rb2 Ra1 19. Qc2 Bxe2 20. Qxe2 Bd4 21. Rb1 Qe7 22. f3 Rfa8 23. Rxa1 Rxa1 24. Bf4 Nh5 25. Bd2 Qh4 26. g3 Nxg3+ 27. Kg2 Nxf1 0-1

[Event "Bayern-ch (Women) 82nd"]
[Site "Regensburg"]
[Date "2011.08.21"]
[Round "2"]
[White "Roos, Karin"]
[Black "Mueller, Liliane"]
[Result "0-1"]
[WhiteElo "1631"]
[BlackElo "1585"]
[PlyCount "57"]
[EventDate "2011.08.20"]
[EventType "swiss"]
[EventRounds "9"]
[EventCountry "GER"]
[SourceTitle "EXT 2015"]
[Source "ChessBase"]
[SourceDate "2014.11.20"]
[SourceVersion "1"]
[SourceVersionDate "2014.11.20"]
[SourceQuality "1"]

1. e4 e6 2. Nf3 d5 3. exd5 exd5 4. d4 Bf5 5. Bd3 Bxd3 6. Qxd3 Nf6 7. Qb5+ Nbd7 8. Qxb7 Bd6 9. 0-0 0-0 10. Qa6 Ne4 11. Nbd2 Ndf6 12. b3 Re8 13. Bb2 Re6 14. Qd3 Rc8 15. Ne5 c5 16. Ndf3 Qc7 17. Rac1 cxd4 18. Qxd4 Bc5 19. Qd1 Qb6 20. Bd4 Bxd4 21. Nxd4 Rxe5 22. c4 dxc4 23. bxc4 Ree8 24. Nf5 Rcd8 25. Qa4 Qc5 26. Ne3 Nxf2 27. Rxf2 Qxe3 28. Rd1 Rxd1+ 29. Qxd1 0-1